00458nam a2200133Ia 4500008004100000100001900041245004500060260000900105300003300114440002400147650006200171999001900233952007200252180117s9999 xx 000 0 und d aby Ryan Torres aWhy Federalism Means Improved Healthcare c2017 a22-23 pages, 2017 January 15 aPhilippine Panorama aEVERYONE FLOCKS TO MANILA FOR HEALTHCARE, QUALITY SUFFERS c353592d353592 001040aCLbCLd2018-01-17l0r2018-01-17 00:00:00w2018-01-17ySE